Distribution par images - Les Seigneurs - Statistiques

Statistiques générales
  • Ce quiz a été pris 65 fois
  • Le résultat moyen est 6 sur 9
Statistiques - réponses
Par images Hint Réponse % Correct
David Léandri Franck Dubosc
98%
Wéké N'Dogo Omar Sy
98%
Patrick Orbéra José Garcia
91%
Fabien Marandella Ramzy Bedia
91%
Rayane Ziani Gad Elmaleh
86%
Shaheef Berda Joey Starr
82%
Floria Frédérique Bel
42%
Titouan Leguennec Jean-Pierre Marielle
40%
Anne Leguennec Clémentine Baert
9%
Aucun quiz correspondant
Distribution des résultats
% des personnes avec chaque résultat
Percentile par nombre de réponses
Votre historique - résultats
Vous n’avez pas pris ce quiz